000 01395cam a22003857a 4500
003 CHAP
005 20220329134932.0
008 971013s1978 r 00010 d
010 _a28328
011 _a29300
035 _a33411
040 _cCHAP
090 _aTesis
100 0 0 _aMacías Laylle, Joaquín Alfonso.
_969513
245 1 3 _aLa siembra de trigo, triticale, o frijol de mata, intercalados entre maíz sembrado a surcos anchos de 1.80 m. una alternativa para los agricultores de áreas de temporal
260 _aChapingo, Méx. :
_bEl autor,
_c1978
300 _a274 h
502 _aTesis (M.C. Esp. en Suelos) -- ENA. Colegio de Postgraduados. Rama de Suelos
590 _aALEPH
_b10
_c20130110
_lUCH01
_h1249
590 _aBATCH-UPD
_b10
_c20130110
_lUCH01
_h1032
590 _aBATCH-UPD
_b10
_c20130410
_lUCH01
_h0635
590 _aBATCH-UPD
_b10
_c20130913
_lUCH01
_h2143
590 _aCONVERSION
_b10
_c20130109
_lUCH01
_h1316
650 1 4 _aAgricultura de temporal.
_91999
650 1 4 _aCultivos asociados.
_930370
650 1 4 _aFrijol
_xRendimiento.
_943429
650 1 4 _aMaíz
_xRendimiento.
_971051
650 1 4 _aTrigo
_xRendimiento.
_9115092
650 1 4 _aTriticale
_xRendimiento.
_9115225
901 _aBK
942 _cFOLL
949 _bBC
_cTES
_d-77717
_eTS1
_i33411
_si
949 _bBC
_cTES
_d-77718
_eTS2
_fc.2
_i33411
_si
949 _bBC
_cTES
_d-77719
_eTS2
_fc.3
_i33411
_si
999 _c28328
_d28328